000 00882nam a22003017a 4500
001 0074
003 DO-SdBPM
005 20251104113752.0
007 ta
008 151208b1997 cl ||| |||| 00| 0 spa d
020 _a9789580400318
040 _aDO-SdBPM
_bspa
_cBPMSU
_erda
082 4 _aR540.3
_bD545q 1997
_222
092 _axxxxxxx
_bxxxxxxx
245 0 0 _aDiccionario de quimica /
_cdirector John Daintith
260 _b,
_g
264 _aBogotá, Colombia :
_bGrupo Editorial Norma,
_c1997
300 _a256 páginas
_c20 cm.
336 _atexto
_btxt
_2rdacontent
337 _asin mediación
_bn
_2rdamedia
338 _avolumen
_bnc
_2rdacarrier
490 0 _aLlave de la ciencia
590 _aInventariado, 2025/VM
650 7 _aQuímica
_vDiccionarios
700 1 _aDaintith, John,
_edirector
910 _aVMateo V. Control de calidad. BPMSU
942 _2ddc
_cBK
999 _c9047
_d9047